| 000 | 00720nam a2200253 i 4500 | ||
|---|---|---|---|
| 001 | bg | ||
| 100 | 1 |
_aSmektała, Tymon _d(1977- ). |
|
| 245 | 0 |
_aPublic relations w internecie / _cTymon Smektała. |
|
| 260 |
_aWrocław : _bWydawnictwo Astrum, _c2006. |
||
| 300 |
_a198 s. : _bil. ; _c21 cm. |
||
| 490 | 1 | _aKreatywność | |
| 504 | _aBibliogr. | ||
| 650 | 9 |
_aPublic relations _xa internet |
|
| 830 | _aKreatywność | ||
| 020 | _a8372772231 | ||
| 040 | _cBPK | ||
| 041 | 0 | _apol | |
| 044 | _apol | ||
| 080 | _a659.4:004.738.5 | ||
| 920 | _a83-7277-223-1 | ||
| 942 | _cKS | ||
| 008 | s pl f |000 0 pol | ||
| 999 |
_c53988 _d53988 |
||
| 856 |
_uhttp://koha.tu.koszalin.pl/cgi-bin/koha/opac-detail.pl?biblionumber=53988 _yKatalog online BPK |
||